Statistiques concernant Kaamelott acteurs

Cliquez ici pour prendre le quiz!

Statistiques générales

  • Ce quiz a été pris 109 fois
  • Le résultat moyen est 9 sur 31

Statistiques - réponses

RôleActeurSurnoms% Correct
Arthur PendragonAlexandre AstierSanglier de Cornouailles
100%
Léodagan de CarmélideLionnel AstierLe Sanguinaire
75%
Yvain de CarmélideSimon AstierLe Chevalier au Lion
70%
Perceval de GallesFranck PitiotProvencal
63%
DagonetAntoine De CaunesLe Chasseur
50%
LothFrançois RollinLe Conspirateur
47%
Guenièvre de BretagneAnne GirouardLa Blanche Fesse
43%
Karadoc de VannesJean-Christophe HembertBras-Courts, ou Bras Longs
42%
Dame SéliJoëlle SevillaPeau de Vache
42%
VivianeAudrey FleurotLa Dame du Lac
42%
Merlin l'EnchanteurJacques ChambonCoco l'Asticot
41%
Lancelot du LacThomas CousseauLe Chevalier Blanc
35%
Bohort de GaunesNicolas GabionBohort l'Exilé
27%
le Maître d'armesChristian BujeauCavalier Courage
25%
KadocBrice FournierMOOOOOOOOOORDU
23%
GuethenocSerge Papagalli--------------------------------
20%
PriscaValérie Benguigui--------------------------------
20%
Gauvain d'OrcanieAurélien PortehautLe chevalier au pancréas
18%
AngharadVanessa Guedj--------------------------------
17%
DemetraCaroline Pascal--------------------------------
15%
MevanwiCaroline Ferrusla Morue
14%
VenecLoïc Varraut--------------------------------
13%
Le TavernierAlain ChapuisTavernier
13%
MéléagantCarlo BrandtLe Chevalier Noir
13%
Père BlaiseJean-Robert Lombard-------------------------------
11%
Ygerne de TintagelJosée Drevon--------------------------------
10%
Hervé de RinelTony SabaLe Gros connard
9%
Calogrenant de CalédonieStéphane Margot-------------------------------
7%
Élias de Kelliwic'hBruno FontaineLe Fourbe
7%
Galessin d'OrcanieAlexis HénonLe Traître
3%
RoparzhGilles Graveleau--------------------------------
2%

Distribution des résultats

Percentile par nombre de réponses

% des personnes avec chaque résultat

Votre développement - résultats

Vous n’avez pas pris ce quiz